La fiscalidad como instrumento tributario en la gestin̤ del medio ambiente

Bibliographic Details
Main Author: Galapero Flores, Rosa
Format: eBook
Language:Spanish
Published: Madrid: Dykinson, 2022
Subjects:
Online Access:Acceso restringido

MARC

LEADER 00000nam a22000007a 4500
005 20220920010616.0
007 cr|||| ||||
008 220920s2022 es |||||s|||| 00||0 spa d
020 |a 978-84-1122-329-4 
035 |a 37092 
040 |a vLex 
090 |c 13964  |d 13964 
100 1 |a Galapero Flores, Rosa 
245 1 2 |a La fiscalidad como instrumento tributario en la gestin̤ del medio ambiente  |h [Recurso electrn̤ico] /  |c Rosa Galapero Flores 
256 |a Servicio en ln̕ea 
260 |a Madrid:  |b Dykinson,  |c 2022 
300 |a 1 recurso electrn̤ico 
500 |a En las sociedades avanzadas una de sus principales caracters̕ticas es la importancia y prioridad asignada a las cuestiones medioambientales. Esta prioridad ha puesto en primera ln̕ea de debate el uso de instrumentos econm̤icos de regulacin̤ como parte de las polt̕icas medioambientales y, como una categora̕ destacada dentro de ellos, el diseǫ y aplicacin̤ de nuevas figuras impositivas con dicha finalidad... 
506 1 |a Disponible solo en los productos indicados  |d vLex Global  |d vLex Global (Academic Edition, excluding Law Schools)  |d vLex Global (U.S. Academic Edition, Law Schools)  |d vLex Global (U.S. Academic Edition, excluding Law Schools)  |d vLex Global (Academic Edition, Law Schools) 
650 0 4 |a Derecho Tributario  |z Espaą 
650 0 4 |a Financiero  |z Espaą 
740 0 |a vLex Libros (Servicio en ln̕ea) 
856 4 0 |u https://app.vlex.com/#/sources/37092  |z Acceso restringido 
942 |c BOOK 
999 0 |a Tax Law 
999 0 |a Financial